Pesticides, rice productivity and farmers' health

Enregistré dans:
Détails bibliographiques
Auteur principal: IRRI
Format: Livre
Langue:Undetermined
Publié: Manila IRRI
Sujets:
Tags: Ajouter un tag
Pas de tags, Soyez le premier à ajouter un tag!
Thư viện lưu trữ: Trung tâm Học liệu Trường Đại học Cần Thơ
LEADER 00490nam a2200169Ia 4500
001 CTU_8076
008 210402s9999 xx 000 0 und d
082 |a 363.7384 
082 |b R744 
100 |a IRRI 
245 0 |a Pesticides, rice productivity and farmers' health 
245 0 |c IRRI 
260 |a Manila 
260 |b IRRI 
650 |a health education,pesticides,public health 
904 |i Nguyễn Quang Điền, 960910 
980 |a Trung tâm Học liệu Trường Đại học Cần Thơ